| 000 | 00521nam a2200169 a 4500 | ||
|---|---|---|---|
| 001 | 000048387 | ||
| 005 | 20201002061121.0 | ||
| 008 | 190219s2014 dr a 000 0 spa d | ||
| 082 |
_axx _bxx |
||
| 245 | 0 | 0 |
_aClara Ledesma : _bespejo de la memoria /. |
| 260 |
_aSanto Domingo : _bMuseo de Arte Moderno ; _bMinisterio de Cultura, _c2014. |
||
| 300 |
_a91 p. : _bils. ; _c31 cm. |
||
| 490 | 1 | _aFernándo Báez Guerrero, | |
| 590 | _aInventariado, 2019/VM | ||
| 830 | 0 | 0 |
_aFernándo Báez Guerrero, _975798 |
| 999 |
_c47875 _d47875 |
||
| 040 | _aDO-SdBNP | ||